| 000 | 01252nam a22003377a 4500 | ||
|---|---|---|---|
| 003 | CHAP | ||
| 005 | 20241112062704.0 | ||
| 008 | 110914s2010 mx a r 00010 spa d | ||
| 010 | _a102125 | ||
| 011 | _a103097 | ||
| 035 | _a113786 | ||
| 040 | _cCHAP | ||
| 090 | _aFolleto 18059 | ||
| 100 | 0 | 0 |
_aRodríguez Hernández, Cesáreo. _998582 |
| 245 | 1 | 0 |
_aEcotecnias de apoyo a la producción orgánica : _bmanejo de garrapatas en ganado [Rhipicephalus (Boophilus) microplus] _c/por Cesáreo Rodríguez Hernández, Rita Schwentesius Rindermann y Manuel Ángel Gómez Cruz |
| 260 |
_a[México] : _bSAGARPA, _c[2010] |
||
| 300 |
_a28 h. : _bilus., cuadros |
||
| 590 |
_aBATCH-UPD _b10 _c20130110 _lUCH01 _h1139 |
||
| 590 |
_aBATCH-UPD _b10 _c20130410 _lUCH01 _h0725 |
||
| 590 |
_aBATCH-UPD _b10 _c20130913 _lUCH01 _h2234 |
||
| 590 |
_aCONVERSION _b10 _c20130109 _lUCH01 _h1356 |
||
| 650 | 1 | 4 |
_aAgricultura orgánica. _92005 |
| 650 | 1 | 4 |
_aEcología agrícola. _935165 |
| 650 | 1 | 4 |
_aGanado _xParásitos. _944939 |
| 650 | 1 | 4 |
_aGanado _xPlagas. |
| 700 | 1 |
_aGómez Cruz, Manuel Ángel _949661 |
|
| 700 | 1 |
_aSchwentesius Rindermann, Rita _9103302 |
|
| 901 | _aBK | ||
| 942 | _cFOLL | ||
| 949 |
_aFolleto 18059 _bBC _cFOLL _d33724002304835 _eTS1 _gDonaciØn _i113786 _sb |
||
| 999 |
_c102125 _d102125 |
||